000 00588nam a22002297a 4500
003 UA-OsUOA
001 100198
007 ta
008 20130522b un ||||| |||| 00| 0 ukr d
100 _aТреньов К.
090 _a821.161.1
_bТ66
942 _cBK
040 _aUA-OsUOA
_bukr
_cUA-OsUOA
_dUA-OsUOA
245 _aВладика
300 _a65 с.
955 _a3
041 _aukr
080 _a821.161.1
260 _aК.
_bХудожня література
_c1958
650 7 _a82 Література. Літературознавство
_2UDC
999 _c386436
_d386436